000 00401nam a2200157Ia 4500
008 210210b1978 xxu||||| |||| 00| 0 eng d
020 _a81 237 0555 7
082 _a330.95452 MITH
100 _aMITTOO (Hari Krishan).
245 _aHimachal Pradesh.
260 _aIndia
_bNational Book Trust
_c1978
300 _a126
650 _aHimachal Pradesh
690 _aEconomic Geography
906 _a048938
999 _c97674
_d97674